000 00652nam a2200169Ia 4500
008 090711s9999 xx 000 0 und d
082 _b53765
100 _aपरांजपे सुरेश / मोने हेमंत
245 _aआकाश दैनंदिनी
260 _bपृथ्वी प्रकाशन
_c1986
300 _a30
600 _aपरांजपे सुरेश / मोने हेमंत
630 _aआकाश दैनंदिनी
700 _aपरांजपे सुरेश / मोने हेमंत
730 _aआकाश दैनंदिनी
942 _cBOOK
999 _c307788
_d307788